000 00600cam a2200241 4500
001 J2686
008 090401t1994 xxu||||| |||| 00| 0 eng d
035 _a(Sirsi) u50525
041 _aeng
050 _a333.3370944
110 _aWeatherall Green and Smith
_92055
245 _aFrench property report 1994.
260 _aParis
_bWeatherall Green and Smith
_c1994
300 _a16p. : ill. ; 30cm.
350 _a0
650 _aPROPERTY-COMMERCIAL PROPERTY
650 _aFRANCE
650 _aOFFICES
650 _aPARIS
690 _aOVERSEAS-EUROPE
942 _n0
948 _c04/03/1997
999 _c92716
_d92716